California planning and pacing guide : (Record no. 112886)
[ view plain ]
| 000 -LEADER | |
|---|---|
| fixed length control field | 00447nam a2200157 a 4500 |
| 001 - CONTROL NUMBER | |
| control field | 0813 |
| 005 - DATE AND TIME OF LATEST TRANSACTION | |
| control field | 20140414131955.0 |
| 008 - FIXED-LENGTH DATA ELEMENTS--GENERAL INFORMATION | |
| fixed length control field | 040930s19uu xx 00 eng d |
| 020 ## - INTERNATIONAL STANDARD BOOK NUMBER | |
| International Standard Book Number | 0-15-325199-9 |
| 050 ## - LIBRARY OF CONGRESS CALL NUMBER | |
| Classification number | TR 372.7 |
| Item number | Ma42 G1 |
| 245 ## - TITLE STATEMENT | |
| Title | California planning and pacing guide : |
| Remainder of title | Harcourt math, grade 1. |
| 260 ## - PUBLICATION, DISTRIBUTION, ETC. (IMPRINT) | |
| Place of publication, distribution, etc | Orlando : |
| Name of publisher, distributor, etc | Harcourt, |
| Date of publication, distribution, etc | [n.d.] |
| 300 ## - PHYSICAL DESCRIPTION | |
| Extent | CA212 p. ; cm. |
| 650 ## - SUBJECT ADDED ENTRY--TOPICAL TERM | |
| Topical term or geographic name as entry element | Mathematics |
| General subdivision | Study and teaching. |
| Withdrawn status | Lost status | Damaged status | Use restrictions | Home library | Current library | Shelving location | Date acquired | Source of acquisition | Total Checkouts | Full call number | Barcode | Date last seen | Price effective from | Koha item type |
|---|---|---|---|---|---|---|---|---|---|---|---|---|---|---|
| Munich Library | Munich Library | Teachers Reference Section | 09/30/2004 | TR 372.7 Ma42 G1 | M4299 | 04/14/2014 | 04/14/2014 | Books |